[Event "2012 PHCC Championships"]
[Site "?"]
[Date "2012.02.02"]
[Round "4"]
[White "Rutkofske, Lonnie"]
[Black "Wingrove, William"]
[Result "1-0"]
[WhiteElo "1851"]
[BlackElo "1726"]
[Annotator "gregg,Alan"]
[PlyCount "125"]
[EventDate "2012.01.12"]
[EventType "tourn"]
[EventRounds "9"]

1. Nf3 c5 2. g3 g6 3. Bg2 Bg7 4. O-O Nc6 5. e4 d6 6. d3 e5 7. c3 Nge7 8. Nbd2 O-O 9. a4 h6 10. Nc4 Be6 11. Ne3 Qd7 12. Re1 Kh7 13. Qc2 f5 14. exf5 Nxf5 15. Nxf5 Bxf5 16. Nh4 Rf6 17. Be3 Ne7 18. Be4 Raf8 19. Rad1 b6 20. Rd2 d5 21. Bxf5 Nxf5 22. Nxf5 Rxf5 23. d4 cxd4 24. cxd4 e4 25. f4 exf3 26. Qd1 Qf7 27. Bf2 Bf6 28. Rd3 Bg5 29. h4 Be7 30. Qb3 Bd6 31. Rde3 g5 32. Re6 Rf6 33. Qxd5 Bb4 34. R1e3 gxh4 35. Qe4+ Kh8 36. g4 Rxe6 37. Qxe6 Qxe6 38. Rxe6 Kg7 39. Bxh4 Rf4 40. Bf2 Rxg4+ 41. Kf1 Rg6 42. Re3 Rd6 43. Rxf3 Bd2 44. Bg3 Re6 45. Be5+ Kg6 46. Ke2 Bc1 47. b3 Bb2 48. Kd3 Bc1 49. Ke4 h5 50. Kd5 Re7 51. Kd6 Rf7 52. Rg3+ Kf5 53. Kc6 Bb2 54. Rf3+ Ke6 55. Rxf7 Kxf7 56. Kb7 Ke6 57. Kxa7 Kd5 58. Kxb6 Bxd4+ 59. Bxd4 Kxd4 60. a5 h4 61. a6 h3 62. a7 h2 63. a8=Q 1-0

[Event "2012 PHCC Championships"]
[Site "?"]
[Date "2012.02.09"]
[Round "5"]
[White "Fiedler, Robert"]
[Black "Nowiski, Adam"]
[Result "1-0"]
[WhiteElo "1760"]
[BlackElo "500"]
[Annotator "gregg,Alan"]
[PlyCount "85"]
[EventDate "2012.01.12"]
[EventType "tourn"]
[EventRounds "9"]

1. d4 d5 2. c4 c5 3. dxc5 dxc4 4. Qa4+ Bd7 5. Qxc4 Be6 6. Qe4 Bd5 7. Qf4 Nc6 8. e4 Be6 9. Bb5 Bd7 10. Bc4 e6 11. Be3 Qb8 12. Qh4 Be7 13. Bg5 Bxg5 14. Qxg5 Qd8 15. Qxg7 Qf6 16. Qxf6 Nxf6 17. Nc3 Rg8 18. g3 Nd4 19. O-O-O Nb5 20. Nxb5 a6 21. Nc7+ Ke7 22. Nxa8 Rxa8 23. f3 e5 24. Ne2 Bh3 25. g4 Bg2 26. Rhg1 Bxf3 27. Bd3 Rg8 28. g5 Nh5 29. Rdf1 Bxe2 30. Bxe2 Nf4 31. Bc4 Nh3 32. Rg3 Nxg5 33. h4 h6 34. hxg5 hxg5 35. Rxf7+ Kd8 36. Rxb7 a5 37. Rb8+ Ke7 38. Bxg8 g4 39. Rxg4 Kf6 40. Rb6+ Ke7 41. Rg7+ Kf8 42. Ra7 Kxg8 43. Rb8# 1-0

[Event "2012 PHCC Championships"]
[Site "?"]
[Date "2012.02.09"]
[Round "5"]
[White "Jones, G. Avery"]
[Black "Ferguson, Gabe"]
[Result "1-0"]
[WhiteElo "1532"]
[BlackElo "500"]
[Annotator "gregg,Alan"]
[PlyCount "51"]
[EventDate "2012.01.12"]
[EventType "tourn"]
[EventRounds "9"]

1. d4 d5 2. Nf3 Nf6 3. e3 e6 4. Bd3 Bb4+ 5. c3 Na6 6. Nbd2 O-O 7. O-O c5 8. Re1 Ng4 9. Ne5 h5 10. Nxg4 hxg4 11. Qxg4 e5 12. Qh5 e4 13. Bc2 g6 14. Qe2 b5 15. f3 Re8 16. fxe4 dxe4 17. Nxe4 Bf5 18. Qf3 Bxe4 19. Bxe4 Qh4 20. Bd2 Rxe4 21. Rf1 c4 22. cxb4 Nxb4 23. Bxb4 Rae8 24. Bc3 Rg4 25. Qxf7+ Kh8 26. d5+ 1-0

[Event "2012 PHCC Championships"]
[Site "Port Huron, MI"]
[Date "2013.02.14"]
[Round "5"]
[White "Kulkarni, Atul"]
[Black "Wilkinson, Stewart"]
[Result "0-1"]
[WhiteElo "1548"]
[BlackElo "1865"]
[PlyCount "92"]
[EventDate "2013.02.14"]
[EventType "tourn"]
[EventRounds "15"]

1. e4 e6 2. Nf3 d5 3. b3 dxe4 4. Ne5 Nf6 $2 {[4....,Qd5 wins the exchange!]} 5. Bb2 Bd6 6. Bc4 Nbd7 7. Ng4 b6 8. Nc3 Bb7 9. Nb5 Be7 10. Nd4 h5 11. Ne3 c5 12. Ne2 Qc7 13. Nc3 a6 14. h3 Ne5 15. Be2 Nc6 16. Nb1 Nd4 17. a4 Nd5 18. c4 Nf4 19. Nc3 Bf6 20. Ra2 Ndxe2 21. Nxe2 Nd3+ 22. Kf1 Nxb2 23. Qc2 Nd3 24. Nc1 Nb4 25. Qd1 Nxa2 26. Nxa2 O-O-O 27. Qc2 Bd4 28. b4 Bxe3 29. dxe3 Qd6 30. g3 Qd1+ 31. Qxd1 Rxd1+ 32. Kg2 Rxh1 33. Kxh1 Rd8 34. bxc5 bxc5 35. Nc3 Rd3 36. Ne2 Ra3 37. Nf4 Rxa4 38. Nxh5 Rxc4 39. Nxg7 a5 40. h4 Rc1+ 41. Kg2 Rd1 42. h5 Rd8 43. Kh3 a4 44. Kh4 a3 45. h6 a2 46. Kh5 a1=Q 0-1

[Event "2012 PHCC Championships"]
[Site "?"]
[Date "2012.02.09"]
[Round "5"]
[White "Morabito, Matthew"]
[Black "Rutkofske, Lonnie"]
[Result "1-0"]
[WhiteElo "1760"]
[BlackElo "1851"]
[Annotator "gregg,Alan"]
[PlyCount "91"]
[EventDate "2012.01.12"]
[EventType "tourn"]
[EventRounds "9"]

1. Nf3 b6 2. g3 Bb7 3. Bg2 Nf6 4. O-O d6 5. c3 Nbd7 6. a4 a6 7. d4 e6 8. Bg5 Be7 9. Nbd2 h6 10. Bxf6 Nxf6 11. Qc2 O-O 12. e4 Nd7 13. Nc4 Rb8 14. e5 a5 15. exd6 cxd6 16. Ne3 Qc7 17. Rfd1 Rfc8 18. d5 Nf8 19. dxe6 fxe6 20. Rd4 Rd8 21. Nh4 d5 22. Ng6 Bf6 23. Rf4 Nh7 24. h4 e5 25. Rf5 Rd6 26. Qb3 Rbd8 27. Nxe5 Bxe5 28. Rxe5 Nf6 29. Rd1 Kh8 30. Nxd5 Qf7 31. c4 Ng4 32. Re2 Rf8 33. f3 Nf6 34. Nf4 Rxd1+ 35. Qxd1 Nh5 36. Re7 Qf5 37. Rxb7 Nxf4 38. gxf4 Qxf4 39. Rd7 Qxh4 40. Qe2 Qg5 41. b3 Qc5+ 42. Kf1 Qf5 43. Qd3 Qf6 44. Qd4 Qg6 45. Rd6 Qg3 46. Rd8 1-0

[Event "2012 PHCC Championships"]
[Site "?"]
[Date "2012.02.09"]
[Round "5"]
[White "Wingrove, William"]
[Black "Gregg, Alan"]
[Result "0-1"]
[WhiteElo "1726"]
[BlackElo "1957"]
[Annotator "gregg,Alan"]
[PlyCount "104"]
[EventDate "2012.01.12"]
[EventType "tourn"]
[EventRounds "9"]

1. e4 c5 2. Nf3 e6 3. d4 cxd4 4. Nxd4 Nc6 5. Nc3 Qc7 6. Be2 a6 7. a4 b6 8. O-O Nf6 9. Be3 Bb7 10. Nxc6 Bxc6 11. Qd3 Bb4 12. f3 O-O 13. Qc4 Bxc3 14. Qxc3 d5 15. exd5 Nxd5 16. Qd4 Rfc8 17. Bf2 e5 18. Qh4 Nf4 19. Rfe1 Nxe2+ 20. Rxe2 f6 21. Qc4+ Kh8 22. Qb3 b5 23. axb5 Bxb5 24. Rd2 Qc4 25. Qxc4 Rxc4 26. Rad1 h6 27. Rd8+ Rxd8 28. Rxd8+ Kh7 29. c3 Ra4 30. Rd1 Ra2 31. Rb1 Bd3 32. Rd1 Bc2 33. Rc1 Rxb2 34. c4 Ba4 35. Ra1 Bc6 36. Rxa6 Rb1+ 37. Be1 Bxf3 38. gxf3 Rxe1+ 39. Kf2 Rc1 40. Rc6 Rc2+ 41. Kg3 Kg6 42. c5 Kf5 43. h3 Rc3 44. Kg2 Kf4 45. Rc7 Rc2+ 46. Kg1 g5 47. Rc6 f5 48. Rxh6 Kg3 49. Kf1 Kxf3 50. Kg1 Rxc5 51. h4 Kg3 52. Kf1 gxh4 0-1

[Event "2012 PHCC Championships"]
[Site "?"]
[Date "2012.02.16"]
[Round "6"]
[White "Boucher, David"]
[Black "Jones, G. Avery"]
[Result "1/2-1/2"]
[WhiteElo "1404"]
[BlackElo "1532"]
[Annotator "gregg,Alan"]
[PlyCount "77"]
[EventDate "2012.01.12"]
[EventType "tourn"]
[EventRounds "9"]

1. e4 c6 2. Nc3 d5 3. Qf3 Nf6 4. e5 Ng8 5. d4 e6 6. Bd3 Ne7 7. Nh3 Ng6 8. Bxg6 hxg6 9. Ng5 Qe7 10. Ne2 b6 11. O-O Ba6 12. Re1 c5 13. c3 Nc6 14. Qf4 cxd4 15. cxd4 Nb4 16. Bd2 Nc2 17. Rac1 Nxe1 18. Rxe1 Rc8 19. a3 Bxe2 20. Rxe2 Rc6 21. Re3 Qd7 22. Rf3 Rc7 23. Kf1 Qe7 24. Kg1 a6 25. g3 Ra7 26. Kg2 b5 27. h4 Qc7 28. b3 Be7 29. Nxf7 Rg8 30. Nd6+ Bxd6 31. exd6 Qd7 32. Qg4 Rf8 33. Qxg6+ Rf7 34. Bh6 Kd8 35. Bg5+ Kc8 36. Qc2+ Kb8 37. Rxf7 Qxf7 38. Be7 Qe8 39. Qc5 1/2-1/2

[Event "2012 PHCC Championships"]
[Site "?"]
[Date "2012.02.16"]
[Round "6"]
[White "Ferguson, Gabe"]
[Black "Wingrove, William"]
[Result "0-1"]
[WhiteElo "500"]
[BlackElo "1726"]
[Annotator "gregg,Alan"]
[PlyCount "86"]
[EventDate "2012.01.12"]
[EventType "tourn"]
[EventRounds "9"]

1. e4 c5 2. Nc3 Nc6 3. Nf3 d6 4. d3 g6 5. Ng5 Bg7 6. Bf4 e5 7. Bg3 Qxg5 8. Nd5 Qd8 9. Qf3 Nd4 10. Qd1 Nf6 11. c3 Nxd5 12. exd5 Nf5 13. Qa4+ Qd7 14. Qxd7+ Bxd7 15. Be2 Nxg3 16. hxg3 O-O-O 17. Rh4 Bf6 18. Rc4 h5 19. O-O-O Bf5 20. b4 b5 21. Rh4 Bxh4 22. gxh4 Bg4 23. Bxg4+ hxg4 24. f3 gxf3 25. gxf3 Rxh4 26. d4 exd4 27. cxd4 c4 28. Re1 Kd7 29. Rf1 Rxd4 30. f4 Rxd5 31. f5 Rxf5 32. Rxf5 gxf5 33. a4 a6 34. a5 Rh8 35. Kd2 Rh6 36. Ke2 Ke6 37. Kf2 Ke5 38. Kg2 Rg6+ 39. Kf2 Ke4 40. Ke2 Rg2+ 41. Kd1 Kd3 42. Ke1 c3 43. Kd1 Rg1# 0-1

[Event "2012 PHCC Championships"]
[Site "?"]
[Date "2012.02.16"]
[Round "6"]
[White "Gregg, Alan"]
[Black "Morabito, Matthew"]
[Result "1/2-1/2"]
[WhiteElo "1957"]
[BlackElo "1760"]
[Annotator "Gregg, Alan"]
[PlyCount "81"]
[EventDate "2012.01.12"]
[EventType "tourn"]
[EventRounds "9"]

1. d4 Nf6 2. Bf4 d6 3. e3 Nbd7 4. Nf3 g6 5. h3 Bg7 6. Nbd2 c5 7. c3 O-O 8. Be2 a6 9. a4 b6 10. O-O Bb7 11. Qb1 e5 12. Bh2 e4 13. Ne1 Qe7 14. Nc4 Ne8 15. b4 d5 16. Ne5 Nxe5 17. dxe5 c4 18. f4 exf3 19. Nxf3 f6 20. Qd1 fxe5 21. e4 dxe4 22. Bxc4+ Kh8 23. Ne1 Nd6 24. Bd5 Rxf1+ 25. Kxf1 Rf8+ 26. Kg1 Qf6 27. Kh1 Qf1+ 28. Bg1 Bxd5 29. Qxd5 Nf5 30. Nc2 Ng3+ 31. Kh2 Qf4 32. Re1 Ne2+ 33. Kh1 Nxg1 34. Rxg1 e3 35. Qd3 Qf2 36. Nxe3 Qg3 37. Qe4 h6 38. c4 Rf4 39. Qa8+ Kh7 40. Nd5 Rh4 41. Rf1 1/2-1/2

[Event "2012 PHCC Championships"]
[Site "?"]
[Date "2012.02.16"]
[Round "6"]
[White "Nowiski, Adam"]
[Black "Bedy, Noel"]
[Result "0-1"]
[WhiteElo "500"]
[BlackElo "1603"]
[Annotator "gregg,Alan"]
[PlyCount "56"]
[EventDate "2012.01.12"]
[EventType "tourn"]
[EventRounds "9"]

1. e4 d5 2. e5 c5 3. Nf3 Bf5 4. d4 e6 5. Bd3 Bg4 6. Be2 Nc6 7. h3 Bxf3 8. Bxf3 cxd4 9. h4 Nge7 10. Be2 h5 11. Bd3 Ng6 12. Bxg6 fxg6 13. Bg5 Be7 14. Bxe7 Qxe7 15. Qd3 Qf7 16. Qf3 O-O 17. Qxf7+ Rxf7 18. Nd2 Nxe5 19. O-O-O Rc8 20. Nb3 Nc6 21. Nxd4 Nxd4 22. Rxd4 Rxf2 23. Rd2 Rf6 24. g3 Rcf8 25. Rdd1 Kf7 26. Kb1 Ke7 27. Rhf1 Rxf1 28. Rxf1 Rxf1# 0-1

[Event "2012 PHCC Championships"]
[Site "?"]
[Date "2012.02.16"]
[Round "6"]
[White "Rutkofske, Lonnie"]
[Black "Fiedler, Robert"]
[Result "1-0"]
[WhiteElo "1851"]
[BlackElo "1725"]
[Annotator "gregg,Alan"]
[PlyCount "67"]
[EventDate "2012.01.12"]
[EventType "tourn"]
[EventRounds "9"]

1. e4 e5 2. Nf3 Nc6 3. Bb5 d6 4. d4 Bd7 5. O-O a6 6. Be2 Nf6 7. d5 Na7 8. Qd3 h6 9. c4 b5 10. c5 dxc5 11. Nxe5 c4 12. Qc2 Bd6 13. f4 O-O 14. Kh1 Bxe5 15. fxe5 Nh7 16. Nd2 Qe7 17. Nf3 Bg4 18. Bf4 f5 19. Nd4 Bxe2 20. Qxe2 fxe4 21. Qg4 Kh8 22. h3 g5 23. Bh2 Rf7 24. e6 Rxf1+ 25. Rxf1 Rf8 26. Be5+ Kg8 27. Nf5 Rxf5 28. Qxf5 Nf8 29. Bf6 Qh7 30. Qe5 Nc8 31. e7 Nxe7 32. Bxe7 Nd7 33. Qe6+ Kh8 34. Qxd7 1-0

[Event "2012 PHCC Championships"]
[Site "?"]
[Date "2012.02.23"]
[Round "7"]
[White "Fiedler, Robert"]
[Black "Gregg, Alan"]
[Result "0-1"]
[WhiteElo "1725"]
[BlackElo "1957"]
[Annotator "Gregg,Alan"]
[PlyCount "106"]
[EventDate "2012.01.12"]
[EventType "tourn"]
[EventRounds "9"]

1. e4 c5 2. Nf3 d6 3. Nc3 Nc6 4. d4 cxd4 5. Nxd4 Nf6 6. h3 g6 7. Bb5 Bd7 8. Nxc6 bxc6 9. Bd3 Bg7 10. O-O O-O 11. Be3 Qa5 12. Bd2 Qb6 13. Be3 Qxb2 14. Bd4 Qb7 15. Rb1 Qc7 16. f4 e5 17. fxe5 dxe5 18. Bc5 Rfe8 19. Bc4 Be6 20. Bd6 Qa5 21. Bb4 Qb6+ 22. Kh1 Bxc4 23. Rf3 Rad8 24. Qe1 c5 25. Na4 Qc6 26. Nxc5 Bxa2 27. Ra1 Be6 28. Ra6 Qa8 29. Rfa3 Re7 30. Nxe6 Rxe6 31. Rxa7 Qxe4 32. Qxe4 Nxe4 33. Be7 Re8 34. Bb4 Bf8 35. Bxf8 Kxf8 36. Rf3 R6e7 37. Ra4 Nc5 38. Rc4 Rc7 39. Rfc3 e4 40. Re3 f5 41. g3 Ne6 42. Rxc7 Nxc7 43. Kg2 Nd5 44. Re1 Rc8 45. Rc1 Rxc2+ 46. Rxc2 Ne3+ 47. Kf2 Nxc2 48. h4 h5 49. Ke2 Ke7 50. Kd2 Nd4 51. Ke3 Ne6 52. Kd2 Kd6 53. Ke3 Kd5 0-1

[Event "2012 PHCC Championships"]
[Site "?"]
[Date "2012.02.23"]
[Round "7"]
[White "Jones, G. Avery"]
[Black "Bedy, Noel"]
[Result "0-1"]
[WhiteElo "1532"]
[BlackElo "1603"]
[Annotator "Gregg , Alan"]
[PlyCount "70"]
[EventDate "2012.01.12"]
[EventType "tourn"]
[EventRounds "9"]

1. d4 d5 2. Nf3 e6 3. e3 Nf6 4. Bd3 Nbd7 5. O-O Bd6 6. Nbd2 b6 7. e4 dxe4 8. Nxe4 Bb7 9. Nxd6+ cxd6 10. Bg5 O-O 11. Qd2 Rc8 12. Rfe1 Re8 13. Rad1 Qc7 14. c3 Bd5 15. Bb1 Qb7 16. Qd3 b5 17. Bxf6 Nxf6 18. Ng5 g6 19. Qh3 Qe7 20. Qh4 Nh5 21. g4 h6 22. gxh5 hxg5 23. Qh3 Kg7 24. hxg6 Rh8 25. Qd3 Rh6 26. gxf7 g4 27. Qxb5 Qh4 28. Be4 Qxh2+ 29. Kf1 Bc4+ 30. Qxc4 Rxc4 31. Ke2 Qf4 32. Kd3 Rc7 33. Rh1 Rxh1 34. Rxh1 Rxf7 35. Rh7+ Kf6 0-1

[Event "2012 PHCC Championships"]
[Site "?"]
[Date "2012.02.23"]
[Round "7"]
[White "Morabito, Matthew"]
[Black "Ferguson, Gabe"]
[Result "1-0"]
[WhiteElo "1760"]
[BlackElo "500"]
[PlyCount "63"]
[EventDate "2012.01.12"]
[EventType "tourn"]
[EventRounds "9"]

1. e4 e5 2. Nf3 Nc6 3. Nc3 Nf6 4. d4 exd4 5. Nxd4 Bc5 6. Be3 Ng4 7. Qxg4 Bxd4 8. Bxd4 Nxd4 9. O-O-O d6 10. Qxg7 Ne6 11. Qxh8+ Ke7 12. Qxd8+ Kxd8 13. e5 Ke7 14. exd6+ cxd6 15. Nd5+ Ke8 16. Be2 Ng7 17. Nc7+ Kd7 18. Nxa8 b6 19. Bb5+ Ke7 20. Rhe1+ Be6 21. Nc7 Kf6 22. Rxd6 h5 23. Nd5+ Kg6 24. Ne7+ Kf6 25. Ng8+ Kg6 26. Bd3+ Kg5 27. h3 h4 28. Re5+ Kf4 29. Re4+ Kg5 30. f4+ Kg6 31. Rexe6+ Kh5 32. Rh6# 1-0

[Event "2012 PHCC Championships"]
[Site "?"]
[Date "2012.02.23"]
[Round "7"]
[White "Rutkofske, Lonnie"]
[Black "Nowiski, Adam"]
[Result "1-0"]
[WhiteElo "1851"]
[BlackElo "500"]
[Annotator "gregg,Alan"]
[PlyCount "97"]
[EventDate "2012.01.12"]
[EventType "tourn"]
[EventRounds "9"]

1. c4 e5 2. Nc3 Nf6 3. g3 Nc6 4. Bg2 d5 5. cxd5 Nb4 6. Qb3 Bf5 7. d3 Bd6 8. a3 Na6 9. Bg5 Nc5 10. Qd1 Be7 11. Bxf6 Bxf6 12. b4 Na6 13. Rc1 Rc8 14. e4 Bd7 15. Nf3 Bg5 16. Nxg5 Qxg5 17. O-O Bg4 18. f3 Bd7 19. f4 Qg4 20. Bf3 Qh3 21. fxe5 O-O 22. Qd2 c6 23. d6 Bg4 24. Bxg4 Qxg4 25. Rf4 Qe6 26. d4 Qb3 27. Qa2 Qxa2 28. Nxa2 b6 29. Rf2 c5 30. Rfc2 Rfd8 31. b5 Nb8 32. dxc5 bxc5 33. Rxc5 Rxc5 34. Rxc5 Nd7 35. Rc7 Nxe5 36. Rxa7 Rc8 37. Nb4 Rc1+ 38. Kg2 Rc8 39. Nc6 Nxc6 40. bxc6 h6 41. d7 Rd8 42. c7 Rxd7 43. c8=Q+ Rd8 44. Qxd8+ Kh7 45. h4 Kg6 46. g4 h5 47. Qg5+ Kh7 48. Qxh5+ Kg8 49. Ra8# 1-0

[Event "2012 PHCC Championships"]
[Site "?"]
[Date "2012.02.23"]
[Round "7"]
[White "Wingrove, William"]
[Black "Boucher, David"]
[Result "0-1"]
[WhiteElo "1726"]
[BlackElo "1404"]
[Annotator "gregg,Alan"]
[PlyCount "40"]
[EventDate "2012.01.12"]
[EventType "tourn"]
[EventRounds "9"]

1. e4 e6 2. d4 d5 3. Nc3 Bb4 4. e5 c5 5. a3 cxd4 6. axb4 dxc3 7. Nf3 Qc7 8. Qd4 cxb2 9. Bxb2 Ne7 10. Bd3 O-O 11. Bxh7+ Kxh7 12. Ng5+ Kg8 13. Qh4 Qxc2 14. Ra3 Qb1+ 15. Bc1 Qxc1+ 16. Ke2 Qc4+ 17. Qxc4 dxc4 18. Rc3 b5 19. Rd1 Nd5 20. Rh3 Nf4+ 0-1

[Event "2012 PHCC Championships"]
[Site "?"]
[Date "2012.03.01"]
[Round "8"]
[White "Bedy, Noel"]
[Black "Wingrove, William"]
[Result "1-0"]
[WhiteElo "1603"]
[BlackElo "1726"]
[PlyCount "59"]
[EventDate "2012.01.12"]
[EventType "tourn"]
[EventRounds "9"]

1. e4 c5 2. d4 cxd4 3. c3 dxc3 4. Nxc3 Nc6 5. Nf3 d6 6. Bc4 a6 7. e5 Nxe5 8. Nxe5 dxe5 9. Bxf7+ Kxf7 10. Qxd8 Nf6 11. Be3 e6 12. Qc7+ Kg6 13. Qxe5 Bb4 14. O-O Re8 15. Rac1 Bd7 16. Ne4 Bc6 17. Qg5+ Kf7 18. Nxf6 gxf6 19. Qh5+ Kg8 20. Qg4+ Kf7 21. Qxb4 Rg8 22. Rxc6 bxc6 23. Qb7+ Kg6 24. Qxc6 e5 25. Rc1 Kf5 26. Qf3+ Ke6 27. Rc6+ Kd7 28. Qd5+ Ke7 29. Re6+ Kf7 30. Rxa6+ 1-0

[Event "2012 PHCC Championships"]
[Site "?"]
[Date "2012.03.01"]
[Round "8"]
[White "Boucher, David"]
[Black "Morabito, Matthew"]
[Result "0-1"]
[WhiteElo "1404"]
[BlackElo "1760"]
[PlyCount "48"]
[EventDate "2012.01.12"]
[EventType "tourn"]
[EventRounds "9"]

1. e4 c5 2. d4 cxd4 3. c3 d6 4. Nf3 e6 5. Nxd4 Nf6 6. Bb5+ Bd7 7. Qd3 Be7 8. O-O a6 9. Bxd7+ Nbxd7 10. f4 Nc5 11. Qg3 Ncxe4 12. Qxg7 Rg8 13. Qh6 Qb6 14. Nd2 Nxd2 15. Bxd2 Qxb2 16. Nf3 Qb6+ 17. Kh1 Ng4 18. Qxh7 Kd7 19. Rab1 Qc6 20. Nd4 Qd5 21. Rf3 Rh8 22. c4 Qxd4 23. Rxb7+ Kc6 24. Bc3 Qd1+ 0-1

[Event "2012 PHCC Championships"]
[Site "?"]
[Date "2012.03.01"]
[Round "8"]
[White "Ferguson, Gabe"]
[Black "Fiedler, Robert"]
[Result "0-1"]
[WhiteElo "500"]
[BlackElo "1725"]
[PlyCount "48"]
[EventDate "2012.01.12"]
[EventType "tourn"]
[EventRounds "9"]

1. e4 c5 2. Nc3 Nc6 3. Bb5 d6 4. Nf3 a6 5. Bxc6+ bxc6 6. O-O Nf6 7. d3 h6 8. Na4 Nd7 9. c3 Nb6 10. Bf4 e5 11. Be3 Bg4 12. Qb3 Bxf3 13. gxf3 Rb8 14. Kh1 Nd5 15. exd5 Rxb3 16. axb3 cxd5 17. c4 d4 18. Bd2 Qh4 19. Be1 Qh3 20. Kg1 Qxf3 21. Rc1 h5 22. Bd2 h4 23. Bg5 h3 24. Bh4 Qg2# 0-1

[Event "2012 PHCC Championships"]
[Site "?"]
[Date "2012.03.01"]
[Round "8"]
[White "Gregg, Alan"]
[Black "Rutkofske, Lonnie"]
[Result "1/2-1/2"]
[WhiteElo "1957"]
[BlackElo "1851"]
[PlyCount "84"]
[EventDate "2012.01.12"]
[EventType "tourn"]
[EventRounds "9"]

1. g3 d5 2. Bg2 Nc6 3. d4 Bf5 4. a3 Be4 5. f3 Bg6 6. e3 e5 7. Ne2 f6 8. O-O h5 9. Nbc3 Bf7 10. dxe5 fxe5 11. f4 e4 12. Nd4 Qf6 13. Ncb5 Bd6 14. Nxc6 bxc6 15. Nxd6+ cxd6 16. c4 Ne7 17. Rb1 O-O 18. b4 dxc4 19. Bxe4 Qe6 20. Bf3 Nd5 21. Qd4 Qg6 22. e4 Nb6 23. f5 Qf6 24. Qxf6 gxf6 25. Bf4 Rfd8 26. b5 c5 27. Rfd1 d5 28. exd5 Nxd5 29. Bxd5 Bxd5 30. Rbc1 Rac8 31. a4 Bf7 32. Rd6 Rxd6 33. Bxd6 Bd5 34. a5 Kf7 35. b6 axb6 36. axb6 Ke8 37. b7 Bxb7 38. Rxc4 Bd5 39. Rxc5 Rxc5 40. Bxc5 Be4 41. Bd4 Kf7 42. h3 Bxf5 1/2-1/2

[Event "2012 PHCC Championships"]
[Site "?"]
[Date "2012.03.08"]
[Round "9"]
[White "Gregg, Alan"]
[Black "Nowiski, Adam"]
[Result "1-0"]
[WhiteElo "1957"]
[BlackElo "500"]
[PlyCount "91"]
[EventDate "2012.01.12"]
[EventType "tourn"]
[EventRounds "9"]

1. c4 e5 2. d3 Nc6 3. g3 Bb4+ 4. Bd2 Be7 5. Bg2 b6 6. Nc3 Bb7 7. Nf3 Nf6 8. Nxe5 Qb8 9. Nxc6 Bxc6 10. e4 O-O 11. O-O Bb7 12. h3 Qc8 13. Kh2 d6 14. Nd5 Nxd5 15. exd5 Qd7 16. Be3 Rab8 17. Bd4 Bf6 18. Bxf6 gxf6 19. Qg4+ Qxg4 20. hxg4 Bc8 21. f3 f5 22. g5 f6 23. gxf6 Rxf6 24. f4 Rh6+ 25. Kg1 Bd7 26. Kf2 Rh2 27. Rae1 Ba4 28. b3 Bd7 29. Re7 Rd8 30. Rh1 Rxh1 31. Bxh1 Be8 32. Rxc7 Ra8 33. b4 a6 34. d4 b5 35. c5 Bh5 36. Bf3 Bf7 37. cxd6 Rd8 38. d7 Kg7 39. a3 Kg6 40. d6 Be6 41. Bc6 Rb8 42. d5 h5 43. dxe6 Kf6 44. e7 Rg8 45. e8=Q Rxe8 46. dxe8=Q 1-0

[Event "2012 PHCC Championships"]
[Site "?"]
[Date "2012.03.08"]
[Round "9"]
[White "Rutkofske, Lonnie"]
[Black "Ferguson, Gabe"]
[Result "1-0"]
[WhiteElo "1851"]
[BlackElo "500"]
[Annotator "gregg,Alan"]
[PlyCount "79"]
[EventDate "2012.01.12"]
[EventType "tourn"]
[EventRounds "9"]

1. Nf3 Nf6 2. g3 g6 3. Bg2 Bg7 4. d4 d5 5. O-O O-O 6. h3 Nc6 7. c3 h6 8. b4 b5 9. a4 a6 10. axb5 Nb8 11. bxa6 Nxa6 12. b5 Bb7 13. bxa6 Bxa6 14. Bb2 Re8 15. Nbd2 g5 16. Ne5 Bb7 17. Rxa8 Bxa8 18. Qc2 Nd7 19. Nxd7 Qxd7 20. Nb3 Qc8 21. Ra1 Bc6 22. Nc5 e5 23. e3 e4 24. c4 f5 25. Ra6 Bb7 26. Ra7 Ba8 27. Bf1 Qb8 28. Qa4 Rd8 29. Bc3 Bf8 30. Ne6 Rc8 31. Nxc7 Rxc7 32. Rxa8 Qb7 33. Bb4 Rc6 34. Rxf8+ Kg7 35. cxd5 Rf6 36. Rxf6 Kxf6 37. Qc6+ Qxc6 38. dxc6 Ke6 39. Bb5 f4 40. c7 1-0

[Event "2012 PHCC Championships"]
[Site "?"]
[Date "2012.03.08"]
[Round "9"]
[White "Wingrove, William"]
[Black "Jones, G. Avery"]
[Result "1-0"]
[WhiteElo "1726"]
[BlackElo "1532"]
[Annotator "gregg,Alan"]
[PlyCount "77"]
[EventDate "2012.01.12"]
[EventType "tourn"]
[EventRounds "9"]

1. e4 c6 2. d4 d5 3. exd5 cxd5 4. Bd3 Nc6 5. c3 g6 6. Bf4 Bg7 7. Nd2 Nf6 8. Ngf3 O-O 9. O-O Bg4 10. Qb3 Qc8 11. Ne5 e6 12. Nxg4 Nxg4 13. h3 Nf6 14. Nf3 Nd7 15. Rfe1 Re8 16. Re2 a6 17. Rae1 b5 18. a3 Nb6 19. Qc2 Nd7 20. h4 Nf8 21. h5 Qd7 22. hxg6 Nxg6 23. Bxg6 hxg6 24. g3 Rac8 25. Qd2 Ne7 26. Kg2 Nf5 27. Rh1 Kf8 28. g4 Nd6 29. Bh6 Bxh6 30. Rxh6 Ne4 31. Qf4 Qc7 32. Ne5 Kg7 33. f3 g5 34. Qh2 Nf6 35. Re1 Rg8 36. f4 Nd7 37. Rh7+ Kf8 38. Rxf7+ Ke8 39. Rxd7 1-0

[Event "2012 PHCC Championships"]
[Site "?"]
[Date "2012.02.27"]
[Round "?"]
[White "Bedy, Noel"]
[Black "Boucher, David"]
[Result "1-0"]
[WhiteElo "1603"]
[BlackElo "1404"]
[Annotator "gregg,Alan"]
[PlyCount "41"]
[EventDate "2012.01.12"]
[EventType "tourn"]
[EventRounds "9"]

1. d4 d5 2. e4 e6 3. Nc3 Bb4 4. exd5 exd5 5. Bd3 Nf6 6. Nge2 Nc6 7. a3 Bxc3+ 8. bxc3 O-O 9. Bg5 a5 10. O-O a4 11. Qc1 b6 12. Qf4 Re8 13. Rfe1 Ba6 14. Bxa6 Rxa6 15. Bxf6 gxf6 16. Qf5 Qd6 17. Nf4 Ne7 18. Qg4+ Kf8 19. Nh5 Ng6 20. Rxe8+ Kxe8 21. Qc8+ 1-0

[Event "2012 PHCC Championships"]
[Site "?"]
[Date "2012.02.16"]
[Round "?"]
[White "Ferguson, Gabe"]
[Black "Bedy, Noel"]
[Result "0-1"]
[WhiteElo "500"]
[BlackElo "1603"]
[Annotator "gregg,Alan"]
[PlyCount "89"]
[EventDate "2012.01.12"]
[EventType "tourn"]
[EventRounds "9"]

1. e4 d5 2. Nc3 dxe4 3. Nxe4 Bf5 4. d3 Bxe4 5. dxe4 Qxd1+ 6. Kxd1 Nc6 7. Nf3 e6 8. Bb5 O-O-O+ 9. Ke1 Nb4 10. Rb1 Nxc2+ 11. Ke2 Be7 12. Rd1 Nb4 13. Rxd8+ Kxd8 14. Ne5 Nh6 15. Bxh6 gxh6 16. Nxf7+ Kc8 17. Nxh8 a6 18. Bc4 e5 19. Be6+ Kb8 20. Rf1 Nc6 21. f4 Nd4+ 22. Ke1 Nxe6 23. fxe5 Ng5 24. Rf4 Ne6 25. Rf7 Bb4+ 26. Kf2 Bc5+ 27. Ke2 Ng5 28. Rf6 Bd4 29. Rf5 Bxb2 30. Nf7 Ne6 31. Nxh6 Nd4+ 32. Ke3 Nxf5+ 33. exf5 Bxe5 34. Ng4 Bd6 35. h4 Kc8 36. Nf6 Be7 37. Nxh7 Bxh4 38. f6 Kd7 39. f7 Be7 40. f8=Q Bxf8 41. Nxf8+ Ke7 42. Ng6+ Kf6 43. Nf8 c5 44. Nd7+ Ke6 45. Nxc5+ 0-1

[Event "2012 PHCC Championships"]
[Site "?"]
[Date "2012.03.03"]
[Round "?"]
[White "Fiedler, Robert"]
[Black "Boucher, David"]
[Result "1/2-1/2"]
[WhiteElo "1725"]
[BlackElo "1404"]
[Annotator "gregg,Alan"]
[PlyCount "56"]
[EventDate "2012.01.12"]
[EventType "tourn"]
[EventRounds "9"]

1. d4 d5 2. Nf3 e6 3. Bf4 Nf6 4. Nbd2 c5 5. c3 Nc6 6. e3 cxd4 7. exd4 Bd6 8. Ne5 O-O 9. Bd3 Qc7 10. Ndf3 h6 11. Qd2 Ne4 12. Qe3 f5 13. Nh4 g5 14. g3 gxf4 15. gxf4 Bxe5 16. fxe5 Kh7 17. Qf4 Rg8 18. f3 Ng5 19. Rg1 Qf7 20. O-O-O Ne7 21. Rg3 Ng6 22. Nxg6 Rxg6 23. h4 Nxf3 24. Rxg6 Qxg6 25. Qxf3 h5 26. Qf2 Bd7 27. Rg1 Qf7 28. Kd2 Rg8 1/2-1/2